000 00444nam a2200181Ia 4500
001 19881
005 20260306172725.0
008 260306t2008||||xx |||||||||||||| ||spa||
041 _aESP
082 _a341.3
_bL64
100 _aLimodio, Gabriel
_eAUT
245 0 _aLos principios y la enseñanza del derecho privado
260 _c2008
300 _a454 páginas :
_c21 cm.
650 _aGEN
654 _aCDE
942 _cLIB
_dJUS
_fJUS
_2ddc
_n
999 _c19881
_d19881